LEADER 01470nam a2200325 i 4500 001 991003931549707536 008 081006s2008 riua b 110 0 eng d 020 $a9780821842409 020 $a0821842404 035 $ab1377332x-39ule_inst 040 $aDip.to Matematica$beng 082 04$a515.39$222 084 $aAMS 35-06 084 $aAMS 35Q 084 $aLC QA614.83I662 245 00$aIntegrable systems and random matrices :$bin honor of Percy Deift : conference on integrable systems, random matrices, and applications in honor of Percy Deift's 60th birthday, May 22-26, 2006, Courant Institute of Mathematical Sciences, New York University, New York /$cJinho Baik ... [et al.], editors 260 $aProvidence, R. I. :$bAmerican Mathematical Society,$cc2008 300 $axiii, 430 p. :$bill. ;$c26 cm 440 0$aContemporary mathematics,$x0271-4132 ;$v458 504 $aIncludes bibliographical references 650 0$aHamiltonian systems$vCongresses 650 0$aRandom matrices$vCongresses 700 1 $aBaik, Jinho$eauthor$4http://id.loc.gov/vocabulary/relators/aut$0304258 700 1 $aDeift, Percy 907 $a.b1377332x$b28-01-14$c03-10-08 912 $a991003931549707536 945 $aLE013 35-XX BAI11 (2008)$g1$i2013000150109$lle013$op$pE76.52$q-$rl$s- $t0$u0$v0$w0$x0$y.i14856372$z15-10-08 996 $aIntegrable systems and random matrices$91464755 997 $aUNISALENTO 998 $ale013$b03-10-08$cm$da $e-$feng$griu$h0$i0 LEADER 01087nam2 22003253i 450 001 MIL0232901 005 20251003044229.0 010 $a0412052318 100 $a20240223d1994 ||||0itac50 ba 101 | $aeng 102 $aus 181 1$6z01$ai $bxxxe 182 1$6z01$an 183 1$6z01$anc$2RDAcarrier 200 0 $a2$fJ. Hoffmann-Jorgensen 210 $aNew York$cLondon$cChapman & Hall$dc1994 215 $aXII, 533 p.$d24 cm. 461 1$1001MIL0232888$12001 $aProbability with a view toward statistics$fJ. Hoffmann-Jorgensen$v2 606 $aStatistica$2FIR$3CFIC000038$9E 606 $aProbabilità$2FIR$3CFIC002417$9E 676 $a519.2$9PROBABILITA$v23 696 $aScienze statistiche 699 $aStatistica$yScienze statistiche 801 3$aIT$bIT-000000$c20240223 850 $aIT-BN0095 912 $aMIL0232901 950 2$aBiblioteca Centralizzata di Ateneo$d 01M/S (AR) 26 125$e 01AR 0700261255 VMA A4 1 v.$fY $h20240223$i20240223 977 $a 01 996 $a2$961340 997 $aUNISANNIO